书目信息 |
| 题名: |
体育理论
|
|
| 作者: | 滕子敬 主编 | |
| 分册: | ||
| 出版信息: | 北京 北京师范大学出版社 1987.12 |
|
| 页数: | 383页 | |
| 开本: | 20cm | |
| 丛书名: | ||
| 单 册: | ||
| 中图分类: | G80 | |
| 科图分类: | 39.911 | |
| 主题词: | 体育理论--高等师范教育--教材 | |
| 电子资源: | ||
| ISBN: | 7-303-00000-3 | |
| 000 | 00802nam0 2200265 45 | |
| 001 | 0188017035 | |
| 005 | 20070612112215.29 | |
| 010 | @a7-303-00000-3@dCNY1.95 | |
| 020 | @aCN@b88017035 | |
| 100 | @a19910417d19881987m y0chiy0120 ea | |
| 101 | 0 | @achi |
| 102 | @aCN@b110000 | |
| 105 | @ay j 000yy | |
| 200 | 10 | @a体育理论@Ati yu li lun@f滕子敬主编@Fteng zi jing zhu bian |
| 210 | @a北京@c北京师范大学出版社@d1987.12 | |
| 215 | @a383页@d20cm | |
| 300 | @a中学教师《专业合格证书》体育教材 | |
| 330 | @a本书包括体育的概念、学校体育的目的与任务、体育教学等12章。 | |
| 540 | 1 | @a体育理论@Ati yu li lun |
| 606 | @a体育理论@x高等师范教育@x教材 | |
| 690 | @aG80@v1980 | |
| 692 | @a39.911@v1974 | |
| 701 | 0 | @a滕子敬@Ateng zi jing@4主编 |
| 801 | 0 | @aCN@bTSSF@c20070612 |
| 905 | @a10447@dG80@e266 | |
| 体育理论/滕子敬主编.-北京:北京师范大学出版社,1987.12 |
| 383页;20cm |
| 中学教师《专业合格证书》体育教材 |
| ISBN 7-303-00000-3:CNY1.95 |
| 本书包括体育的概念、学校体育的目的与任务、体育教学等12章。 |
| ● |
| 相关链接 |
|
|
|
|
正题名:体育理论
索取号:G80/266
 
预约/预借
| 序号 | 登录号 | 条形码 | 馆藏地/架位号 | 状态 | 备注 |
| 1 | 0638317 | 206383171 | 第一样本阅览室/ [索取号:G80/266] | 在馆 | |
| 2 | 0638318 | 206383180 | 密集书库/ [索取号:G80/266] | 在馆 |